000 00314nam a2200121Ia 4500
005 20251222152011.0
008 251222s9999||||xx |||||||||||||| ||spa||
020 _a978-607-17-0401-6
082 _a664.028.4/C75
100 _a"Colina Irezabal, María Luisa"
245 0 _aDeshidratación de alimentos
942 _cLIB
999 _c24914
_d24914